Normal view
MARC view
- Reis, Ronald A
Entry Personal Name
001 - CONTROL NUMBER
- control field: 66892
003 - CONTROL NUMBER IDENTIFIER
- control field: NUST
005 - DATE AND TIME OF LATEST TRANSACTION
- control field: 20210628203707.0
008 - FIXED-LENGTH DATA ELEMENTS
- fixed length control field: 210628|| aca||aabn | a|a d
040 ## - CATALOGING SOURCE
- Original cataloging agency: NUST
- Transcribing agency: NUST
100 ## - HEADING--PERSONAL NAME
- Personal name: Reis, Ronald A
670 ## - SOURCE DATA FOUND
- Source citation: Work cat.: (NUST): Reis, Ronald A, Electronic project design and fabrication, 1995
